| 000 | 00604nam a2200205 u 4500 | ||
|---|---|---|---|
| 005 | 20230602063609.0 | ||
| 008 | 140313s1999 r 000 0 eng d | ||
| 020 | _a968165806X | ||
| 035 | _aUPN01000196327 | ||
| 049 | _aCG | ||
| 050 | 4 |
_aPQ7298.29 A4 _bC8.2 |
|
| 100 | 1 |
_aSamperio, Guillermo, _d1948- _930941 |
|
| 245 | 1 | 0 |
_aCuando el tacto toma la palabra : _bcuentos, 1974-1999 / _cGuillermo Samperio. |
| 260 |
_aMéxico : _bFCE, _c1999. |
||
| 300 | _a597 p. | ||
| 440 | 0 | _aLetras mexicanas | |
| 650 | 4 |
_aCuentos mexicanos _96937 |
|
| 650 | 4 |
_aLiteratura mexicana _ySiglo XX _95344 |
|
| 905 | _aLibro | ||
| 999 |
_c168428 _d168428 |
||